| 000 | 00718nam a22002297a 4500 | ||
|---|---|---|---|
| 999 |
_c8733 _d8733 |
||
| 003 | AR-CdUCM | ||
| 008 | 190325b ||||| |||| 00| 0 spa d | ||
| 020 | _a9972-34-377-4 | ||
| 040 |
_aMUNICIPALIDAD PROVINCIAL DEL CUSCO _cBIBLIOTECA MUNICIPAL DEL CUSCO |
||
| 082 |
_a660 / _bC69 |
||
| 110 |
_aSan Marcos _923143 |
||
| 245 | _aFísica química / | ||
| 260 |
_aLima : _bSan Marcos, _c2006. |
||
| 300 |
_a101 páginas ; _c22 cm. |
||
| 440 |
_aColección Gauss _924378 |
||
| 505 | _aContenido : Problemas de tipo física -- Practicando -- Problemas de tipo química -- Practicando ... | ||
| 650 |
_aFisica _92382 |
||
| 650 |
_aQuímica _94512 |
||
| 650 |
_aPracticas _911405 |
||
| 942 |
_2ddc _cLIBROS |
||
| 945 | _arah | ||